| 000 | 00540nam a2200169Ia 4500 | ||
|---|---|---|---|
| 005 | 20250313172346.0 | ||
| 008 | 231217s9999 xx 000 0 und d | ||
| 020 | _a9788177580358 | ||
| 082 | _a001.64404 LEE;43 | ||
| 100 | _aLee, James. Ware, Brent. | ||
| 245 | 0 | _aOpen source web development with lamp : using linux, apache, mysql perl and PHP | |
| 260 |
_c2003 _bPearson Education _aDelhi |
||
| 300 | _axxxiv+460 | ||
| 500 | _aContent page available | ||
| 650 | _aOpen,source,lamp,using,linux,,apache,,mysql,perl,PHP | ||
| 942 | _cAA | ||
| 999 |
_c181019 _d181019 |
||